Európai Uniós projektek menedzselése és megvalósítása
Elmentve itt :
| Szerző: | |
|---|---|
| Dokumentumtípus: | Könyv |
| Megjelent: |
2013
|
| Kulcsszavak: | tervezés vezetés vállalati |
| Tárgyszavak: | |
| Online Access: | http://eta.bibl.u-szeged.hu/708 |
| LEADER | 00836nnm a2200241 i 4500 | ||
|---|---|---|---|
| 001 | eta708 | ||
| 005 | 20181114095751.0 | ||
| 008 | 181114s2013 hu o 0|| hun d | ||
| 040 | |a SZTE Elektronikus Tananyag Archívum |b hun | ||
| 041 | |a hun | ||
| 100 | 1 | |a Szabó Klára | |
| 245 | 1 | 0 | |a Európai Uniós projektek menedzselése és megvalósítása |h [elektronikus dokumentum] / |c Szabó Klára |
| 246 | 1 | 0 | |a English for managing and implementing EU projects |h [elektronikus dokumentum] |
| 260 | |c 2013 | ||
| 300 | |a 88 | ||
| 516 | |a Book | ||
| 650 | 4 | |a Társadalomtudományok | |
| 650 | 4 | |a Közgazdasági és gazdálkodástudományok | |
| 650 | 4 | |a Gazdálkodás és menedzsment | |
| 695 | |a tervezés | ||
| 695 | |a vezetés | ||
| 695 | |a vállalati | ||
| 856 | 4 | 0 | |u https://eta.bibl.u-szeged.hu/708/1/tankonyv_szabo_k_projekt.pdf |z Dokumentum-elérés |